Podnikanie so zahraničím Zmluvné vzťahy so zahraničím. Spoločné podniky. Joint venture. Riešenie medzinárodných sporov. Devízovo-právne vzťahy.
Saved in:
| Main Author: | |
|---|---|
| Format: | Book |
| Language: | Slovak |
| Published: |
Bratislava
Fitr
[1993]
|
| Edition: | 1. vyd. |
| Subjects: | |
| Tags: |
No Tags, Be the first to tag this record!
|
MARC
| LEADER | 00000nam a2200000 4500 | ||
|---|---|---|---|
| 001 | c002858 | ||
| 005 | 20221214082614.3 | ||
| 041 | 0 | |a slo | |
| 044 | |a SK | ||
| 245 | 1 | 0 | |a Podnikanie so zahraničím |b Zmluvné vzťahy so zahraničím. Spoločné podniky. Joint venture. Riešenie medzinárodných sporov. Devízovo-právne vzťahy. |c Zbyněk Švarc |
| 250 | |a 1. vyd. | ||
| 264 | 1 | |a Bratislava |b Fitr |c [1993] | |
| 300 | |a 135 s. | ||
| 610 | 2 | 0 | |a podnikanie |
| 610 | 2 | 0 | |a vzťahy zmluvné |
| 610 | 2 | 0 | |a zmluvy kúpne |
| 610 | 2 | 0 | |a zmluvy obchodné |
| 610 | 2 | 0 | |a zmluvy prepravné |
| 610 | 2 | 0 | |a zmluvy licenčné |
| 610 | 2 | 0 | |a podnik spoločný |
| 610 | 2 | 0 | |a spoločnosti obchodné |
| 610 | 2 | 0 | |a spoločnosti komanditné |
| 610 | 2 | 0 | |a spoločnosti s r.o. |
| 610 | 2 | 0 | |a spoločenstvo tiché |
| 610 | 2 | 0 | |a devízy |
| 610 | 2 | 0 | |a joint ventures |
| 100 | 1 | |a Švarc, Zbyněk | |